[Event "NB2 Barcza csoport"]
[Site "Fehergyarmat"]
[Date "2024.12.15"]
[Round "4.2"]
[White "Bartha, Gabor"]
[Black "Kerek, Krisztian"]
[Result "1/2-1/2"]
[WhiteElo "2080"]
[BlackElo "2123"]
[PlyCount "24"]
[GameId "2123417866550005"]
[EventDate "2024.11.03"]
[EventType "team-tourn"]
[EventRounds "9"]
[EventCountry "HUN"]
[Source "chess.hu"]
[WhiteTeam "Fehergyarmati SE"]
[BlackTeam "Mezokovesd Zsory SE"]
[WhiteTeamCountry "HUN"]
[BlackTeamCountry "HUN"]

1. d4 d6 2. Nf3 Nf6 3. c4 g6 4. Nc3 Bg7 5. e4 O-O 6. Be2 e5 7. O-O exd4 8. Nxd4 Re8 9. f3 Nc6 10. Be3 Nh5 11. f4 Nf6 12. Bf3 Bg4 1/2-1/2

[Event "NB2 Barcza csoport"]
[Site "Fehergyarmat"]
[Date "2024.12.15"]
[Round "4.3"]
[White "Zelei, Zoltan"]
[Black "Biro, Zsolt"]
[Result "1/2-1/2"]
[WhiteElo "2059"]
[BlackElo "1924"]
[PlyCount "28"]
[GameId "2123418536303738"]
[EventDate "2024.11.03"]
[EventType "team-tourn"]
[EventRounds "9"]
[EventCountry "HUN"]
[Source "chess.hu"]
[WhiteTeam "Mezokovesd Zsory SE"]
[BlackTeam "Fehergyarmati SE"]
[WhiteTeamCountry "HUN"]
[BlackTeamCountry "HUN"]

1. d4 e6 2. c4 f5 3. Nf3 Nf6 4. g3 Bb4+ 5. Bd2 Qe7 6. Bg2 O-O 7. O-O Ne4 8. Bc1 Qe8 9. Qb3 Na6 10. a3 Be7 11. Nc3 Nxc3 12. bxc3 d6 13. h4 h6 14. Bd2 Rb8 1/2-1/2

[Event "NB2 Barcza csoport"]
[Site "Fehergyarmat"]
[Date "2024.12.15"]
[Round "4.4"]
[White "Olah, Francisc"]
[Black "Pap, Janos"]
[Result "1/2-1/2"]
[WhiteElo "1889"]
[BlackElo "2005"]
[PlyCount "31"]
[GameId "2123418367097895"]
[EventDate "2024.11.03"]
[EventType "team-tourn"]
[EventRounds "9"]
[EventCountry "HUN"]
[Source "chess.hu"]
[WhiteTeam "Fehergyarmati SE"]
[BlackTeam "Mezokovesd Zsory SE"]
[WhiteTeamCountry "HUN"]
[BlackTeamCountry "HUN"]

1. d4 Nf6 2. Nc3 d5 3. Bf4 Bf5 4. Nb5 Na6 5. e3 c6 6. Nc3 Qa5 7. a3 Ne4 8. Nge2 e6 9. f3 Nxc3 10. Nxc3 Be7 11. Bd3 Bxd3 12. cxd3 Qd8 13. Qb3 Qd7 14. O-O O-O 15. Rac1 c5 16. Qb5 1/2-1/2

[Event "NB2 Barcza csoport"]
[Site "Fehergyarmat"]
[Date "2024.12.15"]
[Round "4.5"]
[White "Hevesi, Zoltan"]
[Black "Bodrogi, Laszlo"]
[Result "1/2-1/2"]
[WhiteElo "2004"]
[BlackElo "1955"]
[PlyCount "23"]
[GameId "2123418484350046"]
[EventDate "2024.11.03"]
[EventType "team-tourn"]
[EventRounds "9"]
[EventCountry "HUN"]
[Source "chess.hu"]
[WhiteTeam "Mezokovesd Zsory SE"]
[BlackTeam "Fehergyarmati SE"]
[WhiteTeamCountry "HUN"]
[BlackTeamCountry "HUN"]

1. d4 Nf6 2. Nf3 e6 3. g3 b6 4. Bg2 Bb7 5. O-O Be7 6. c4 O-O 7. Nc3 c5 8. d5 exd5 9. Nh4 g6 10. cxd5 d6 11. a4 Nbd7 12. f4 1/2-1/2

[Event "NB2 Barcza csoport"]
[Site "Fehergyarmat"]
[Date "2024.12.15"]
[Round "4.6"]
[White "Pasztor, Sandor"]
[Black "Pap, Kristof"]
[Result "0-1"]
[WhiteElo "1819"]
[BlackElo "1943"]
[PlyCount "96"]
[GameId "2123418303314936"]
[EventDate "2024.11.03"]
[EventType "team-tourn"]
[EventRounds "9"]
[EventCountry "HUN"]
[Source "chess.hu"]
[WhiteTeam "Fehergyarmati SE"]
[BlackTeam "Mezokovesd Zsory SE"]
[WhiteTeamCountry "HUN"]
[BlackTeamCountry "HUN"]

1. d4 Nf6 2. Bg5 d5 3. c3 Bf5 4. e3 Nbd7 5. Bd3 Bxd3 6. Qxd3 Ne4 7. Bf4 e6 8. Nf3 Bd6 9. Bxd6 cxd6 10. O-O O-O 11. c4 Qb6 12. cxd5 exd5 13. Nbd2 Ndf6 14. Qb3 Qa5 15. Nxe4 dxe4 16. Ne1 Rac8 17. Nc2 Rc6 18. Nb4 Rb6 19. a3 Qb5 20. Qc2 a5 21. Na2 Qxb2 22. Qxb2 Rxb2 23. Rfc1 Nd5 24. Nc3 Nxc3 25. Rxc3 Rd8 26. Rac1 Kf8 27. Kf1 Ke7 28. R1c2 Rxc2 29. Rxc2 Kd7 30. Ke1 Rc8 31. Rb2 Kc6 32. Kd2 b5 33. Kc3 b4+ 34. axb4 Kb5+ 35. Kb3 axb4 36. Ra2 Rc3+ 37. Kb2 Ra3 38. Rxa3 bxa3+ 39. Kxa3 Kc4 40. Ka4 Kd3 41. Kb5 Ke2 42. Kc6 Kxf2 43. Kxd6 Kxe3 44. d5 Kf2 45. Kc7 e3 46. d6 e2 47. d7 e1=Q 48. d8=Q Qa5+ 0-1

[Event "NB2 Barcza csoport"]
[Site "Fehergyarmat"]
[Date "2024.12.15"]
[Round "4.7"]
[White "Sallai, Janos"]
[Black "Nagy Gy., Istvan"]
[Result "1-0"]
[WhiteElo "1888"]
[BlackElo "1852"]
[PlyCount "97"]
[GameId "2123418240871371"]
[EventDate "2024.11.03"]
[EventType "team-tourn"]
[EventRounds "9"]
[EventCountry "HUN"]
[Source "chess.hu"]
[WhiteTeam "Mezokovesd Zsory SE"]
[BlackTeam "Fehergyarmati SE"]
[WhiteTeamCountry "HUN"]
[BlackTeamCountry "HUN"]

1. e4 e6 2. d4 d5 3. Nc3 Nf6 4. e5 Nfd7 5. f4 c5 6. Nf3 Nc6 7. Be3 cxd4 8. Nxd4 Nxd4 9. Bxd4 a6 10. Qd2 b5 11. a3 Bb7 12. Qf2 Rc8 13. b4 Be7 14. Bd3 g6 15. O-O O-O 16. Qe3 Qe8 17. g4 Nb8 18. f5 Nc6 19. f6 Kh8 20. fxe7 Rg8 21. Bc5 d4 22. Bxd4 Nxd4 23. Qxd4 Qxe7 24. Ne4 Bxe4 25. Qxe4 Rc7 26. Rf6 Rg7 27. Qa8+ Rg8 28. Qxa6 Qd8 29. Qb6 Qd5 30. Re1 Rd7 31. Qe3 Rc7 32. Ref1 Rg7 33. Qe4 Qxe4 34. Bxe4 Kg8 35. Rd1 Kf8 36. Rd8+ Ke7 37. Rb8 Rc4 38. Rb7+ Kd8 39. Bd3 Rxg4+ 40. Kf2 Rg5 41. Rxb5 Kc7 42. Rc5+ Kb6 43. a4 Rg4 44. a5+ Kb7 45. b5 g5 46. b6 Rf4+ 47. Rxf4 gxf4 48. Rc7+ Kb8 49. a6 1-0

[Event "NB2 Barcza csoport"]
[Site "Fehergyarmat"]
[Date "2024.12.15"]
[Round "4.8"]
[White "Gulyas, Ferenc"]
[Black "Barabas, Tibor"]
[Result "0-1"]
[WhiteElo "1768"]
[BlackElo "1937"]
[PlyCount "66"]
[GameId "2123418195508126"]
[EventDate "2024.11.03"]
[EventType "team-tourn"]
[EventRounds "9"]
[EventCountry "HUN"]
[Source "chess.hu"]
[WhiteTeam "Fehergyarmati SE"]
[BlackTeam "Mezokovesd Zsory SE"]
[WhiteTeamCountry "HUN"]
[BlackTeamCountry "HUN"]

1. Nf3 d5 2. g3 g6 3. Bg2 Bg7 4. d4 Nd7 5. O-O c6 6. Nbd2 e5 7. dxe5 Nxe5 8. c3 f5 9. Nxe5 Bxe5 10. Nf3 Bg7 11. Bg5 Nf6 12. Nd4 O-O 13. Qd2 Qb6 14. f3 Nd7 15. Be3 Ne5 16. Ne6 Nc4 17. Bxb6 Nxd2 18. Nxf8 Nxf1 19. Bc5 Nd2 20. Rd1 Nc4 21. e4 Bxf8 22. Bxf8 Kxf8 23. exd5 Ne3 24. Rd3 Nxg2 25. dxc6 Ne1 26. Rd8+ Ke7 27. c7 Nxf3+ 28. Kg2 b6 29. Kf2 Ng5 30. Ke3 Ne6 31. Rh8 Nf8 32. c4 Bb7 33. b4 Rc8 0-1

[Event "NB2 Barcza csoport"]
[Site "Fehergyarmat"]
[Date "2024.12.15"]
[Round "4.9"]
[White "Lengyel, Laszlo"]
[Black "Mezei, Norbert Miklos"]
[Result "1-0"]
[WhiteElo "1890"]
[BlackElo "1665"]
[PlyCount "61"]
[GameId "2123418145241969"]
[EventDate "2024.11.03"]
[EventType "team-tourn"]
[EventRounds "9"]
[EventCountry "HUN"]
[Source "chess.hu"]
[WhiteTeam "Mezokovesd Zsory SE"]
[BlackTeam "Fehergyarmati SE"]
[WhiteTeamCountry "HUN"]
[BlackTeamCountry "HUN"]

1. e4 d6 2. d4 g6 3. Nc3 Bg7 4. Be3 Nf6 5. f3 O-O 6. Qd2 c6 7. O-O-O Nbd7 8. g4 e5 9. g5 Nh5 10. Nge2 Qe7 11. Ng3 Nxg3 12. hxg3 exd4 13. Qh2 Re8 14. Qxh7+ Kf8 15. Bxd4 Bxd4 16. Rxd4 Qxg5+ 17. Kb1 Qxg3 18. Bc4 Ne5 19. Rxd6 Ke7 20. Bxf7 Nxf7 21. Rxg6 Qxf3 22. Qh4+ Kd7 23. Rf6 Qe3 24. Rxf7+ Kd6 25. Rd1+ Kc5 26. Qh5+ Kb6 27. Na4+ Ka6 28. Nc5+ Kb6 29. Rf3 Qe2 30. Rb3+ Kc7 31. Qxe2 1-0

[Event "NB2 Barcza csoport"]
[Site "Fehergyarmat"]
[Date "2024.12.15"]
[Round "4.10"]
[White "Nagy, Ludovic"]
[Black "Pota, Lajos"]
[Result "1-0"]
[WhiteElo "1811"]
[BlackElo "1713"]
[PlyCount "58"]
[GameId "2123418089937732"]
[EventDate "2024.11.03"]
[EventType "team-tourn"]
[EventRounds "9"]
[EventCountry "HUN"]
[Source "chess.hu"]
[WhiteTeam "Fehergyarmati SE"]
[BlackTeam "Mezokovesd Zsory SE"]
[WhiteTeamCountry "HUN"]
[BlackTeamCountry "HUN"]

1. c4 e6 2. Nc3 Nf6 3. g3 d5 4. cxd5 exd5 5. d4 c6 6. Bg2 Bd6 7. Nf3 O-O 8. O-O h6 9. a3 Be6 10. Bd2 Nbd7 11. Rc1 Nh7 12. Qc2 f5 13. Na4 Nhf6 14. Nc5 Nxc5 15. dxc5 Bc7 16. Nd4 Qd7 17. f3 Rae8 18. Bh3 Nh7 19. e4 Be5 20. Nxe6 Rxe6 21. Bxf5 Rxf5 22. exf5 Rf6 23. b4 Rf8 24. Rce1 Bd4+ 25. Be3 Be5 26. Re2 Re8 27. Rff2 Rf8 28. Kg2 Qxf5 29. Qxf5 Rxf5 1-0

[Event "NB2 Barcza csoport"]
[Site "Fehergyarmat"]
[Date "2024.12.15"]
[Round "4.11"]
[White "Gaspar, Muriel Aranka"]
[Black "Filep, Roni Dominik"]
[Result "1/2-1/2"]
[WhiteElo "1665"]
[BlackElo "1692"]
[PlyCount "56"]
[GameId "2123417969986309"]
[EventDate "2024.11.03"]
[EventType "team-tourn"]
[EventRounds "9"]
[EventCountry "HUN"]
[Source "chess.hu"]
[WhiteTeam "Mezokovesd Zsory SE"]
[BlackTeam "Fehergyarmati SE"]
[WhiteTeamCountry "HUN"]
[BlackTeamCountry "HUN"]

1. d4 d5 2. Nc3 Nf6 3. Bg5 Nc6 4. Bxf6 gxf6 5. e3 a6 6. g3 Bf5 7. a3 Qd7 8. Bg2 e6 9. Nge2 Bd6 10. Nf4 Bxf4 11. exf4 Na5 12. g4 Bg6 13. f5 exf5 14. Qe2+ Kf8 15. O-O-O Re8 16. Qf3 c6 17. h3 Nc4 18. Qf4 Kg7 19. g5 fxg5 20. Qxg5 Qe7 21. Qf4 Qf6 22. h4 Bh5 23. Rdg1 Kf8 24. Bh3 Nd6 25. Rg5 Bg6 26. Rgg1 Bh5 27. Rg5 Bg6 28. Rgg1 Bh5 1/2-1/2

[Event "NB2 Breyer csoport"]
[Site "Budapest"]
[Date "2024.11.03"]
[Round "1.1"]
[White "Kiss, Viktor"]
[Black "Grimm, Daniel"]
[Result "1/2-1/2"]
[WhiteElo "2180"]
[BlackElo "2312"]
[PlyCount "71"]
[EventDate "2024.11.03"]
[EventType "team-tourn"]
[EventRounds "9"]
[EventCountry "HUN"]
[Source "chess.hu"]
[SourceDate "2024.11.04"]
[WhiteTeam "Fehervari SE"]
[BlackTeam "Barcza - BEAC I."]
[WhiteTeamCountry "HUN"]
[BlackTeamCountry "HUN"]

1. e4 Nf6 2. e5 Nd5 3. d4 d6 4. Nf3 g6 5. Bc4 Nb6 6. Bb3 Bg7 7. Ng5 e6 8. f4
dxe5 9. fxe5 c5 10. O-O O-O 11. c3 cxd4 12. cxd4 Nc6 13. Nf3 f6 14. exf6 Qxf6
15. Be3 Nd5 16. Bf2 Nf4 17. Nbd2 b6 18. Qc2 Nb4 19. Qe4 Ba6 20. Bh4 Qf5 21.
Qxf5 Rxf5 22. Rfe1 Re8 23. Ne4 Nbd3 24. Nd6 Nxe1 25. Rxe1 Rff8 26. Nxe8 Rxe8
27. Re4 Rf8 28. Be7 Rf7 29. Rxe6 Nxe6 30. Bxe6 Bc8 31. Bxf7+ Kxf7 32. Bd6 Ke6
33. Bb8 a6 34. Ba7 b5 35. Kf2 Kd5 36. Ke3 1/2-1/2

[Event "NB2 Breyer csoport"]
[Site "Budapest"]
[Date "2024.11.03"]
[Round "1.2"]
[White "Szamoskozi, Gabor"]
[Black "Albrecht, Gabor"]
[Result "1/2-1/2"]
[WhiteElo "2222"]
[BlackElo "2130"]
[PlyCount "86"]
[EventDate "2024.11.03"]
[EventType "team-tourn"]
[EventRounds "9"]
[EventCountry "HUN"]
[Source "chess.hu"]
[SourceDate "2024.11.04"]
[WhiteTeam "Barcza - BEAC I."]
[BlackTeam "Fehervari SE"]
[WhiteTeamCountry "HUN"]
[BlackTeamCountry "HUN"]

1. e4 c5 2. Nf3 e6 3. d4 cxd4 4. Nxd4 a6 5. Bd3 Qb6 6. Be3 Qxb2 7. Nd2 Qc3 8.
O-O Qc7 9. e5 d6 10. f4 Nc6 11. Nxc6 bxc6 12. Nc4 d5 13. Nb6 Rb8 14. Nxc8 Qxc8
15. Qd2 Ba3 16. f5 Ne7 17. f6 gxf6 18. exf6 Ng6 19. Rab1 Bd6 20. c4 Ne5 21.
cxd5 Nxd3 22. Qxd3 cxd5 23. Rfc1 Qd8 24. Qxa6 O-O 25. Rxb8 Bxb8 26. Qf1 Qd6 27.
g3 Qe5 28. Qf3 h5 29. Kg2 Kh7 30. Rb1 Qe4 31. Qxe4+ dxe4 32. Rb4 Kg6 33. Rxe4
Kxf6 34. a4 Rc8 35. h3 Rc2+ 36. Kf3 Kg6 37. a5 Ra2 38. Bb6 e5 39. g4 hxg4+ 40.
hxg4 Ra3+ 41. Re3 Rxe3+ 42. Bxe3 f5 43. gxf5+ Kxf5 1/2-1/2

[Event "NB2 Breyer csoport"]
[Site "Budapest"]
[Date "2024.11.03"]
[Round "1.3"]
[White "Csire, Bence"]
[Black "Horvath, Andras"]
[Result "1-0"]
[WhiteElo "2105"]
[BlackElo "2251"]
[PlyCount "83"]
[EventDate "2024.11.03"]
[EventType "team-tourn"]
[EventRounds "9"]
[EventCountry "HUN"]
[Source "chess.hu"]
[SourceDate "2024.11.04"]
[WhiteTeam "Fehervari SE"]
[BlackTeam "Barcza - BEAC I."]
[WhiteTeamCountry "HUN"]
[BlackTeamCountry "HUN"]

1. e4 g6 2. d4 Bg7 3. Nc3 c6 4. Bc4 d6 5. Bg5 Nd7 6. f4 Qb6 7. Nge2 Qxb2 8. O-O
b5 9. Bb3 Qa3 10. f5 Ngf6 11. fxg6 hxg6 12. Qd3 Qa5 13. Nf4 b4 14. e5 Nxe5 15.
dxe5 Qc5+ 16. Kh1 Bf5 17. exf6 Bxd3 18. fxg7 Rg8 19. Bxf7+ Kd7 20. Be6+ Kc7 21.
Bxg8 Qxc3 22. cxd3 Rxg8 23. Bxe7 Kd7 24. Bf8 Rxg7 25. Bxg7 Qxg7 26. a3 b3 27.
Rab1 g5 28. Nh3 b2 29. Rf2 Qc3 30. Rfxb2 Qxd3 31. Nxg5 c5 32. Rb3 Qc2 33. Nf3
a5 34. h4 a4 35. Rb7+ Kc6 36. R1b6+ Kd5 37. Rd7 Qc1+ 38. Ng1 Qxa3 39. Rbxd6+
Kc4 40. h5 Qg3 41. Nf3 a3 42. Ra6 1-0

[Event "NB2 Breyer csoport"]
[Site "Budapest"]
[Date "2024.11.03"]
[Round "1.4"]
[White "Szekely, Ferenc"]
[Black "Szabo, Lorinc"]
[Result "1-0"]
[WhiteElo "2207"]
[BlackElo "2064"]
[PlyCount "57"]
[EventDate "2024.11.03"]
[EventType "team-tourn"]
[EventRounds "9"]
[EventCountry "HUN"]
[Source "chess.hu"]
[SourceDate "2024.11.04"]
[WhiteTeam "Barcza - BEAC I."]
[BlackTeam "Fehervari SE"]
[WhiteTeamCountry "HUN"]
[BlackTeamCountry "HUN"]

1. e4 c5 2. Nf3 d6 3. d4 cxd4 4. Nxd4 Nf6 5. Nc3 a6 6. h3 b5 7. g4 Bb7 8. Bg2
e6 9. a3 Be7 10. O-O Qc7 11. f4 Nc6 12. Nxc6 Bxc6 13. Qe2 O-O 14. f5 exf5 15.
Rxf5 Rfe8 16. Be3 Qb7 17. Bd4 Bd8 18. Raf1 Bb6 19. Bxb6 Qxb6+ 20. Kh2 b4 21.
axb4 Qxb4 22. e5 Bxg2 23. Qxg2 dxe5 24. Rxf6 gxf6 25. Nd5 Qxb2 26. Nxf6+ Kh8
27. Qe4 Kg7 28. Qxh7+ Kf8 29. Nd5 1-0

[Event "NB2 Breyer csoport"]
[Site "Budapest"]
[Date "2024.11.03"]
[Round "1.5"]
[White "Fellegi, Zoltan"]
[Black "Fordan, Tibor"]
[Result "1/2-1/2"]
[WhiteElo "2061"]
[BlackElo "2106"]
[PlyCount "59"]
[EventDate "2024.11.03"]
[EventType "team-tourn"]
[EventRounds "9"]
[EventCountry "HUN"]
[Source "chess.hu"]
[SourceDate "2024.11.04"]
[WhiteTeam "Fehervari SE"]
[BlackTeam "Barcza - BEAC I."]
[WhiteTeamCountry "HUN"]
[BlackTeamCountry "HUN"]

1. e4 e5 2. Nf3 Nc6 3. Bb5 a6 4. Ba4 Nf6 5. d3 b5 6. Bb3 Be7 7. c3 d6 8. O-O
O-O 9. Re1 Na5 10. Bc2 c5 11. a4 Rb8 12. axb5 axb5 13. d4 cxd4 14. cxd4 Nc6 15.
h3 h6 16. Nc3 Re8 17. Be3 exd4 18. Nxd4 Nxd4 19. Bxd4 Be6 20. Ba7 Rb7 21. Nd5
Bxd5 22. exd5 Bf8 23. Rxe8 Qxe8 24. Be3 Rb8 25. Qd4 Nd7 26. Qe4 Qxe4 27. Bxe4
Nc5 28. Bc2 b4 29. Bxc5 dxc5 30. b3 1/2-1/2

[Event "NB2 Breyer csoport"]
[Site "Budapest"]
[Date "2024.11.03"]
[Round "1.6"]
[White "Medve, Mark"]
[Black "Grull, Denes"]
[Result "1-0"]
[WhiteElo "2162"]
[BlackElo "1932"]
[PlyCount "107"]
[EventDate "2024.11.03"]
[EventType "team-tourn"]
[EventRounds "9"]
[EventCountry "HUN"]
[Source "chess.hu"]
[SourceDate "2024.11.04"]
[WhiteTeam "Barcza - BEAC I."]
[BlackTeam "Fehervari SE"]
[WhiteTeamCountry "HUN"]
[BlackTeamCountry "HUN"]

1. d4 Nf6 2. c4 d6 3. Nf3 Nbd7 4. Nc3 e5 5. e4 g6 6. Be2 Bg7 7. O-O O-O 8. Re1
a5 9. Be3 Re8 10. d5 h6 11. Nd2 Nc5 12. a3 Nfd7 13. b4 axb4 14. axb4 Rxa1 15.
Qxa1 Na6 16. Qb1 Rf8 17. Bd3 c5 18. Nb5 Qe7 19. bxc5 Ndxc5 20. Bc2 g5 21. Nf1
Qf6 22. Ng3 Qg6 23. Nf5 Bxf5 24. exf5 Qf6 25. g3 Re8 26. Nc3 Qe7 27. f3 Qc7 28.
Nb5 Qd7 29. Kg2 Rd8 30. Rh1 Qe7 31. Be4 Rc8 32. h4 f6 33. hxg5 fxg5 34. g4 Kf7
35. Bf2 Qf6 36. Nc3 Bf8 37. Qb5 Qe7 38. Rb1 Rc7 39. Bc2 Kf6 40. f4 Qd7 41.
fxg5+ hxg5 42. Qb6 Qc8 43. Rh1 Rf7 44. Be3 Qc7 45. Qb5 Rh7 46. Qe8 Qf7 47.
Qxf7+ Rxf7 48. Rh5 Rg7 49. Rh6+ Kf7 50. Nb5 Nb8 51. Nxd6+ Bxd6 52. Rxd6 Nbd7
53. f6 Rg8 54. Bf5 1-0

[Event "NB2 Breyer csoport"]
[Site "Budapest"]
[Date "2024.11.03"]
[Round "1.7"]
[White "Somos, Mate"]
[Black "Martin, Bela Jr"]
[Result "1/2-1/2"]
[WhiteElo "1897"]
[BlackElo "2052"]
[PlyCount "59"]
[EventDate "2024.11.03"]
[EventType "team-tourn"]
[EventRounds "9"]
[EventCountry "HUN"]
[Source "chess.hu"]
[SourceDate "2024.11.04"]
[WhiteTeam "Fehervari SE"]
[BlackTeam "Barcza - BEAC I."]
[WhiteTeamCountry "HUN"]
[BlackTeamCountry "HUN"]

1. e4 c5 2. Nf3 d6 3. d4 cxd4 4. Nxd4 Nf6 5. Nc3 Nc6 6. Bg5 e6 7. Qd3 Be7 8.
O-O-O O-O 9. h4 a6 10. Be2 Bd7 11. Qg3 Kh8 12. Nxc6 Bxc6 13. e5 Nd5 14. Ne4
dxe5 15. c4 f6 16. cxd5 exd5 17. Kb1 Qb6 18. Nd2 fxg5 19. hxg5 Qxf2 20. Qxe5
Qf5+ 21. Qxf5 Rxf5 22. Bd3 Rxg5 23. Bxh7 g6 24. Bxg6+ Kg7 25. Rh7+ Kxg6 26.
Rxe7 Rxg2 27. Nf3 Rf2 28. Ne5+ Kf6 29. Nxc6 bxc6 30. Rc7 1/2-1/2

[Event "NB2 Breyer csoport"]
[Site "Budapest"]
[Date "2024.11.03"]
[Round "1.8"]
[White "Palczert, Botond"]
[Black "Kecskemeti, Attila"]
[Result "1/2-1/2"]
[WhiteElo "1978"]
[BlackElo "1918"]
[PlyCount "57"]
[EventDate "2024.11.03"]
[EventType "team-tourn"]
[EventRounds "9"]
[EventCountry "HUN"]
[Source "chess.hu"]
[SourceDate "2024.11.04"]
[WhiteTeam "Barcza - BEAC I."]
[BlackTeam "Fehervari SE"]
[WhiteTeamCountry "HUN"]
[BlackTeamCountry "HUN"]

1. d4 d5 2. c4 e6 3. Nc3 a6 4. cxd5 exd5 5. Nf3 Nf6 6. Bg5 c6 7. e3 Bf5 8. Bd3
Bxd3 9. Qxd3 Be7 10. O-O O-O 11. Rab1 a5 12. Qc2 h6 13. Bxf6 Bxf6 14. a3 Na6
15. Na4 Qd6 16. Ne1 Rab8 17. Nd3 b6 18. b4 Rfc8 19. bxa5 b5 20. Nac5 Nxc5 21.
Nxc5 Bd8 22. a6 Bb6 23. Rfc1 Bxc5 24. Qxc5 Qxc5 25. Rxc5 Rb6 26. a7 Ra8 27. a4
Rxa7 28. axb5 Rxb5 29. Rcc1 1/2-1/2

[Event "NB2 Breyer csoport"]
[Site "Budapest"]
[Date "2024.11.03"]
[Round "1.9"]
[White "Rabi-Nagy, Daniel"]
[Black "Kelemen, Szabolcs"]
[Result "0-1"]
[WhiteElo "1835"]
[BlackElo "1963"]
[PlyCount "59"]
[EventDate "2024.11.03"]
[EventType "team-tourn"]
[EventRounds "9"]
[EventCountry "HUN"]
[Source "chess.hu"]
[SourceDate "2024.11.04"]
[WhiteTeam "Fehervari SE"]
[BlackTeam "Barcza - BEAC I."]
[WhiteTeamCountry "HUN"]
[BlackTeamCountry "HUN"]

1. e4 c5 2. c3 d5 3. exd5 Qxd5 4. Nf3 Nf6 5. Bb5+ Bd7 6. Bxd7+ Nbxd7 7. d4 e6
8. Be3 cxd4 9. Qxd4 Qb5 10. c4 Qa6 11. Nbd2 Bc5 12. Qc3 O-O 13. O-O Rac8 14.
Bxc5 Nxc5 15. b3 Rfd8 16. Rfe1 Rd3 17. Qc2 Qd6 18. Nf1 Nce4 19. Rad1 Rxd1 20.
Rxd1 Qc5 21. Rd4 b5 22. Ne3 Ng5 23. Rf4 Nxf3+ 24. Rxf3 Qd4 25. Qe2 Ne4 26. Nc2
Qb2 27. Qxe4 Qb1+ 28. Qe1 Qxc2 29. cxb5 Rd8 30. Rc3 0-1

[Event "NB2 Breyer csoport"]
[Site "Budapest"]
[Date "2024.11.03"]
[Round "1.10"]
[White "Bod, Marton"]
[Black "Kerekes, Laszlo Fulop"]
[Result "1-0"]
[WhiteElo "1976"]
[BlackElo "1705"]
[PlyCount "87"]
[EventDate "2024.11.03"]
[EventType "team-tourn"]
[EventRounds "9"]
[EventCountry "HUN"]
[Source "chess.hu"]
[SourceDate "2024.11.04"]
[WhiteTeam "Barcza - BEAC I."]
[BlackTeam "Fehervari SE"]
[WhiteTeamCountry "HUN"]
[BlackTeamCountry "HUN"]

1. e4 c5 2. Nf3 d6 3. d4 cxd4 4. Nxd4 Nf6 5. Nc3 Nc6 6. Bg5 g6 7. Bxf6 exf6 8.
Qd2 a6 9. O-O-O Nxd4 10. Qxd4 Bh6+ 11. Kb1 Bf4 12. Nd5 Be5 13. Qe3 f5 14. f4
Bg7 15. Nb6 Rb8 16. e5 O-O 17. Rxd6 Qc7 18. Bc4 Re8 19. Qb3 Be6 20. Bxe6 fxe6
21. Rxe6 Kh8 22. Rd1 Rbd8 23. Rxe8+ Rxe8 24. a4 Qc6 25. Nc4 Bf8 26. Nd6 Bxd6
27. Rxd6 Qc7 28. Qd5 Rc8 29. c3 b5 30. Rd7 Qc4 31. Qxc4 Rxc4 32. axb5 axb5 33.
e6 Re4 34. e7 Kg8 35. Rd8+ Kf7 36. e8=Q+ Rxe8 37. Rxe8 Kxe8 38. Kc2 Kd7 39. Kd3
h6 40. Kd4 Kd6 41. h4 h5 42. b4 Kd7 43. Kc5 Ke6 44. g3 1-0

[Event "NB2 Breyer csoport"]
[Site "Budapest"]
[Date "2024.11.03"]
[Round "1.11"]
[White "Fekete, Csaba"]
[Black "Schatzer, Andras"]
[Result "1-0"]
[WhiteElo "1721"]
[BlackElo "1956"]
[PlyCount "63"]
[EventDate "2024.11.03"]
[EventType "team-tourn"]
[EventRounds "9"]
[EventCountry "HUN"]
[Source "chess.hu"]
[SourceDate "2024.11.04"]
[WhiteTeam "Fehervari SE"]
[BlackTeam "Barcza - BEAC I."]
[WhiteTeamCountry "HUN"]
[BlackTeamCountry "HUN"]

1. e4 c5 2. Nf3 Nc6 3. d4 cxd4 4. Nxd4 g6 5. Nc3 Bg7 6. Be3 Nf6 7. Be2 O-O 8.
O-O d6 9. f4 Qa5 10. Nb3 Qc7 11. Kh1 a6 12. Bf3 h5 13. f5 Ne5 14. fxg6 fxg6 15.
Nd5 Nxd5 16. Qxd5+ e6 17. Qd1 Nxf3 18. gxf3 Bxb2 19. Rb1 Bg7 20. Rg1 Qf7 21.
Nd2 d5 22. Bc5 Rd8 23. Qe2 b5 24. Rg3 Qc7 25. Nb3 Bb7 26. Rxg6 Qf4 27. Rbg1 Rd7
28. Qg2 Qc7 29. Nd4 dxe4 30. Nxe6 exf3 31. Rxg7+ Kh8 32. Rg8+ 1-0

[Event "NB2 Breyer csoport"]
[Site "Budapest"]
[Date "2024.11.03"]
[Round "1.12"]
[White "Hogyinszki, Marcell Csaba"]
[Black "Hortobagyi, Luca"]
[Result "1/2-1/2"]
[WhiteElo "1734"]
[BlackElo "1695"]
[PlyCount "54"]
[EventDate "2024.11.03"]
[EventType "team-tourn"]
[EventRounds "9"]
[EventCountry "HUN"]
[Source "chess.hu"]
[SourceDate "2024.11.04"]
[WhiteTeam "Barcza - BEAC I."]
[BlackTeam "Fehervari SE"]
[WhiteTeamCountry "HUN"]
[BlackTeamCountry "HUN"]

1. e4 e5 2. Nc3 Nc6 3. Bc4 Nf6 4. d3 h6 5. Nf3 Bb4 6. Bd2 Bxc3 7. Bxc3 d6 8. h3
O-O 9. O-O Be6 10. Bb3 Qd7 11. Kh2 Bxb3 12. axb3 Rfe8 13. Bd2 d5 14. exd5 Qxd5
15. Bc3 a6 16. Re1 Qd6 17. Kg1 Nd5 18. Bd2 Rad8 19. Be3 f5 20. Nh4 f4 21. Bd2
g5 22. Nf3 Nf6 23. Bc3 Nd4 24. Bxd4 exd4 25. Nh2 Rxe1+ 26. Qxe1 Re8 27. Qd2 c5
1/2-1/2

[Event "NB2 Breyer csoport"]
[Site "Zsambek"]
[Date "2024.11.03"]
[Round "1.1"]
[White "Teglas, Balazs"]
[Black "Gal, Tamas"]
[Result "0-1"]
[WhiteElo "2124"]
[BlackElo "2225"]
[PlyCount "80"]
[EventDate "2024.11.03"]
[EventType "team-tourn"]
[EventRounds "9"]
[EventCountry "HUN"]
[Source "chess.hu"]
[SourceDate "2024.11.04"]
[WhiteTeam "MTK Budapest II."]
[BlackTeam "Zsambeki SBE"]
[WhiteTeamCountry "HUN"]
[BlackTeamCountry "HUN"]

1. Nf3 d5 2. c4 c6 3. g3 Nf6 4. Bg2 Bf5 5. Qb3 Qb6 6. d3 e6 7. Be3 Qxb3 8. axb3
a6 9. Nc3 Nbd7 10. cxd5 cxd5 11. Nh4 Bg6 12. Nxg6 hxg6 13. d4 Rc8 14. Bd2 Bb4
15. O-O Ke7 16. Rfc1 Nb6 17. Bg5 Rc7 18. e4 dxe4 19. Nxe4 Rhc8 20. Nc5 Bxc5 21.
dxc5 Nbd5 22. c6 Rxc6 23. Rd1 Rd8 24. Ra5 Rc2 25. b4 Rxb2 26. Bc1 Rb1 27. b5
Rxb5 28. Ba3+ Kd7 29. Rxb5 axb5 30. Rb1 Ra8 31. Bc5 Kc6 32. Rc1 Kd7 33. Rb1 Nc3
34. Rb3 Ra1+ 35. Bf1 Nfe4 36. Be3 Nd5 37. Kg2 Nxe3+ 38. Rxe3 Nd6 39. Rb3 Kc6
40. Rc3+ Kb6 0-1